ORTAOKUL (Record no. 650060)

MARC details
000 -LEADER
sabit uzunluktaki kontrol alanı 00222nam a2200097Ia 4500
001 - KONTROL NUMARASI
kontrol alanı 650060
005 - EN SON İŞLEMİN TARİH VE ZAMANI
kontrol alanı 20250826154352.0
008 - SABİT-UZUNLUKTA VERİ ÖĞELERİ--GENEL BİLGİ
sabit uzunluktaki kontrol alanı 250824s9999 xx 000 0 und d
245 #0 - ESER / YAZAR
ESER ADI ORTAOKUL
Yazar Adı JAMES PATTERSON
260 ## - YAYIN, DAĞITIM, VB.
YAYIN EVİ ALTIN
Holdings
Düşüm durumu Kayıp durumu Hasar Durumu Ödünç verilmez Ana kütüphane Geçerli Kütüphane Edinilen tarih Toplam ödünç verme sayısı Barkod Son görüntüleme tarihi Son ödünç verme tarihi Fiyatın geçerli olmaya başladığı tarih Koha materyal türü
        ÖMER CEMİLE GÜLER İMAM HATİP ORTAOKULU ÖMER CEMİLE GÜLER İMAM HATİP ORTAOKULU 24.08.2025 5 100812 07.04.2026 23.03.2026 26.08.2025 Books